[Event "European Rapid 2022"]
[Site "Katowice POL"]
[Date "2022.12.18"]
[Round "7.59"]
[White "Molenda, Marcin"]
[Black "Czarnecka, Lidia"]
[Result "1/2-1/2"]
[WhiteTitle "FM"]
[BlackTitle "WCM"]
[WhiteElo "2381"]
[BlackElo "2018"]
[WhiteFideId "1173065"]
[BlackFideId "21807531"]
[EventDate "2022.12.17"]

1. d4 d5 2. c4 c6 3. Nf3 Nf6 4. e3 Bg4 5. Qb3 Qb6 6. Nc3 e6 7. c5 Qc7 8. Ne5 Bf5
9. Be2 Nbd7 10. f4 Nxe5 11. fxe5 Ne4 12. O-O Be7 13. Nxe4 Bxe4 14. Bd2 O-O 15.
Be1 b6 16. cxb6 axb6 17. Bd3 Bxd3 18. Qxd3 c5 19. Rf3 f5 20. exf6 Bxf6 21. Rh3
g6 22. Bc3 Qg7 23. a3 c4 24. Qe2 e5 25. Rd1 e4 26. Qg4 Rae8 27. Be1 Qf7 28. Bg3
Bg7 29. Bf4 Qf5 30. Qe2 b5 31. Rg3 Qe6 32. h3 Rf5 33. Qg4 Ref8 34. Kh1 Qb6 35.
Qh4 Qe6 36. Qg4 Qb6 37. Qh4 1/2-1/2

[Event "European Rapid 2022"]
[Site "Katowice POL"]
[Date "2022.12.18"]
[Round "7.60"]
[White "Wnek, Filip"]
[Black "Maly, Alexey"]
[Result "1/2-1/2"]
[BlackTitle "IM"]
[WhiteElo "1966"]
[BlackElo "2370"]
[WhiteFideId "21833281"]
[BlackFideId "14103184"]
[EventDate "2022.12.17"]

1. e4 c6 2. d4 d5 3. exd5 cxd5 4. Bd3 Nc6 5. c3 Qc7 6. h3 g6 7. Nf3 Bf5 8. Bxf5
gxf5 9. Na3 e6 10. Nc2 Nf6 11. Qd3 Ne4 12. Be3 Rg8 13. Rg1 Bd6 14. g3 f4 15.
gxf4 Rxg1+ 16. Nxg1 Bxf4 17. Ne2 Bxe3 18. Qxe3 Qh2 19. f3 Nd6 20. O-O-O Qxh3 21.
Qg5 Kd7 22. Ng3 h6 23. Qg7 Qh4 24. Rh1 Qg5+ 25. Qxg5 hxg5 26. Ne3 f5 27. Rh7+
Ne7 28. Nh5 Rf8 29. Rg7 Ne8 30. Rxg5 Rg8 31. Rxg8 Nxg8 32. Ng2 Ngf6 33. Ngf4
Nxh5 34. Nxh5 Ke7 35. Kd2 Nf6 36. Nf4 Nh7 37. Ke3 Kd6 38. Ng6 Nf6 39. b3 Nh5 40.
c4 b6 41. Ne5 Nf6 42. Nf7+ Ke7 43. Ne5 Kd6 44. Nf7+ Ke7 45. Ne5 dxc4 46. bxc4
Kd6 47. Nf7+ Ke7 48. Ne5 a6 49. Nc6+ Kd6 50. Nb4 a5 51. Nd3 Nd7 52. Kf4 Nb8 53.
Ne5 Na6 54. a3 Nc7 55. Nf7+ Ke7 56. Ng5 Kf6 57. Nh7+ Ke7 58. Ng5 Kf6 59. Nh7+
Kg7 60. Ng5 Kf6 61. Nh7+ Ke7 62. Ke5 b5 63. d5 bxc4 64. d6+ Kd7 65. Nf6+ Kc8 66.
d7+ Kd8 67. Kd6 c3 68. Ng8 c2 69. Nh6 Nb5+ 70. Kxe6 Nc7+ 71. Kd6 Nb5+ 72. Ke6
Nc7+ 73. Kd6 Nb5+ 74. Ke6 Nc7+ 75. Kd6 Ne8+ 76. Ke6 Ng7+ 77. Kd6 Ne8+ 78. Ke6
Nc7+ 79. Kd6 Nb5+ 80. Ke6 Nc7+ 81. Kd6 Ne8+ 82. Ke6 Nc7+ 83. Kd6 1/2-1/2

[Event "European Rapid 2022"]
[Site "Katowice POL"]
[Date "2022.12.18"]
[Round "7.61"]
[White "Triadu Cassa, Jordi"]
[Black "Moroni, Luca Jr"]
[Result "0-1"]
[WhiteTitle "CM"]
[BlackTitle "GM"]
[WhiteElo "2195"]
[BlackElo "2576"]
[WhiteFideId "2241927"]
[BlackFideId "865834"]
[EventDate "2022.12.17"]

1. e4 g6 2. d4 Bg7 3. Nc3 a6 4. Nf3 b5 5. Bd3 Bb7 6. a4 b4 7. Ne2 d6 8. Ng3 Nd7
9. Be3 Ngf6 10. h3 O-O 11. O-O e6 12. Qd2 c5 13. c3 a5 14. Bh6 c4 15. Bxg7 Kxg7
16. Bxc4 bxc3 17. Qxc3 Rc8 18. d5 exd5 19. exd5 Bxd5 20. b3 Bxc4 21. bxc4 d5 22.
Nd2 dxc4 23. Nge4 Rc6 24. Rfd1 Qc7 25. Rac1 Re8 26. Nxf6 Nxf6 27. Rc2 Kg8 28.
Nxc4 Re4 29. Rdc1 Rexc4 30. Qxc4 Rxc4 31. Rxc4 Qd7 32. Re1 Kg7 33. Rec1 Qd2 34.
R4c2 Qb4 35. Rc4 Qb3 36. R1c3 Qd1+ 37. Kh2 Qe2 38. Rf4 Qe5 0-1

[Event "European Rapid 2022"]
[Site "Katowice POL"]
[Date "2022.12.18"]
[Round "7.62"]
[White "Keinanen, Toivo"]
[Black "Bauer, Thomas"]
[Result "1-0"]
[WhiteTitle "IM"]
[BlackTitle "CM"]
[WhiteElo "2508"]
[BlackElo "2145"]
[WhiteFideId "509825"]
[BlackFideId "1639293"]
[EventDate "2022.12.17"]

1. c4 Nf6 2. g3 g6 3. b3 d5 4. cxd5 Qxd5 5. Nf3 Bg7 6. Nc3 Qh5 7. h3 O-O 8. Bg2
c6 9. Bb2 Na6 10. d3 Rd8 11. Qd2 Bh6 12. Qc2 Nb4 13. Qd1 Bg7 14. a3 Nbd5 15.
Nxd5 Nxd5 16. Bxg7 Kxg7 17. Qd2 Nf6 18. Qc3 Be6 19. g4 Qb5 20. g5 a5 21. gxf6+
exf6 22. Nd4 Qe5 23. Nxe6+ Qxe6 24. Bf3 Rd6 25. O-O-O c5 26. Kc2 Rc8 27. Qc4 Qe8
28. Bxb7 Rb8 29. Bf3 Rd4 30. Qc3 a4 31. Rb1 axb3+ 32. Rxb3 Qa4 33. Kb2 Rdd8 34.
Rxb8 Rxb8+ 35. Ka2 Qd7 36. Rb1 Re8 37. h4 Qf5 38. Rb7 Qf4 39. h5 g5 40. h6+ Kxh6
41. Rxf7 Kg6 42. Rxf6+ Qxf6 43. Bh5+ Kg7 44. Qxf6+ Kxf6 45. Bxe8 g4 46. a4 Ke7
47. Bh5 1-0

[Event "European Rapid 2022"]
[Site "Katowice POL"]
[Date "2022.12.18"]
[Round "7.63"]
[White "Krivenko, Dion"]
[Black "Dvirnyy, Danyyil"]
[Result "0-1"]
[BlackTitle "GM"]
[WhiteElo "2141"]
[BlackElo "2530"]
[WhiteFideId "4508378"]
[BlackFideId "817570"]
[EventDate "2022.12.17"]

1. e4 e6 2. d3 c5 3. Nf3 Nc6 4. g3 g6 5. Bg2 Bg7 6. O-O Nge7 7. h4 h6 8. c3 e5
9. b4 cxb4 10. cxb4 Nxb4 11. Bb2 Nbc6 12. Nbd2 d6 13. Nc4 b5 14. Ne3 O-O 15. d4
Qb6 16. dxe5 dxe5 17. Nd5 Nxd5 18. exd5 Nd4 19. Nxd4 exd4 20. Qd2 Bg4 21. Rac1
Rac8 22. Rc6 Rxc6 23. dxc6 Be6 24. Ba3 Rd8 25. Bb4 Rc8 26. Rc1 Bc4 27. Ba5 Qc5
28. Bb4 Qf5 29. Kh2 Qf6 30. a4 a6 31. axb5 axb5 32. Re1 d3 33. Be7 Qc3 34. Bb4
Qf6 35. Be7 Qd4 36. Re4 Qc3 37. Bb4 Qxd2 38. Bxd2 Bd5 39. Re3 Bxc6 40. Bxc6 Rxc6
41. Rxd3 Bf8 42. Rd8 Rd6 43. Rxd6 Bxd6 44. Kg2 b4 45. Kf3 b3 46. Bc3 Ba3 47. Ke4
b2 48. Bxb2 Bxb2 49. g4 g5 50. h5 Bc1 51. Kf5 Kg7 52. f3 Bf4 53. Ke4 Kf6 0-1

[Event "European Rapid 2022"]
[Site "Katowice POL"]
[Date "2022.12.18"]
[Round "7.64"]
[White "Sidletskyi, Ivan"]
[Black "Dragnev, Valentin"]
[Result "1/2-1/2"]
[BlackTitle "GM"]
[WhiteElo "2152"]
[BlackElo "2556"]
[WhiteFideId "14156024"]
[BlackFideId "1634852"]
[EventDate "2022.12.17"]

1. e4 c6 2. d4 d5 3. f3 e6 4. Nc3 Bb4 5. Bd2 Ne7 6. Bd3 Nd7 7. a3 Ba5 8. f4 dxe4
9. Nxe4 Bxd2+ 10. Qxd2 O-O 11. Nf3 b6 12. O-O Qc7 13. Rad1 Bb7 14. Ne5 f6 15.
Nxd7 Qxd7 16. Bc4 Kh8 17. Qe2 Nf5 18. Rfe1 Rae8 19. c3 Qc7 20. Qf2 Re7 21. Re2
Rfe8 22. Bb3 Ba6 23. Red2 Bb7 24. Bc2 Qd8 25. g4 Nd6 26. Qh4 Nxe4 27. Bxe4 f5
28. gxf5 exf5 29. Bxf5 g5 30. fxg5 Rg7 31. Rg2 c5 32. d5 Re5 33. Qf4 Rxd5 34.
Rxd5 Qxd5 35. Re2 Bc6 36. g6 Rg8 37. Be4 Qe6 38. Bd3 Qd5 39. Qf6+ Rg7 40. Qf8+
Qg8 41. Qxg8+ Rxg8 42. Re6 Be8 43. Kf2 Bxg6 1/2-1/2

[Event "European Rapid 2022"]
[Site "Katowice POL"]
[Date "2022.12.18"]
[Round "7.65"]
[White "Davies, Nigel R"]
[Black "Redzisz, Michal"]
[Result "0-1"]
[WhiteTitle "GM"]
[BlackTitle "FM"]
[WhiteElo "2398"]
[BlackElo "2260"]
[WhiteFideId "404420"]
[BlackFideId "21816107"]
[EventDate "2022.12.17"]

1. Nf3 Nf6 2. c4 e6 3. g3 d5 4. Bg2 dxc4 5. Qa4+ Nbd7 6. Qxc4 a6 7. Qb3 c5 8. a4
Be7 9. O-O O-O 10. d3 Qc7 11. a5 Rb8 12. Nbd2 b5 13. axb6 Nxb6 14. Nc4 Nxc4 15.
Qxc4 Rb4 16. Qc2 Bb7 17. Bd2 Rb5 18. e4 Rc8 19. Rfc1 Qb6 20. Bc3 c4 21. dxc4
Rxc4 22. Nd2 Rc8 23. Qd3 Ng4 24. Qd4 Qxd4 25. Bxd4 Bc5 26. Bxc5 Rbxc5 27. Rxc5
Rxc5 28. h3 Ne5 29. Nb3 Rb5 30. Na5 Rxb2 31. Rd1 g6 32. f4 Nc6 33. Nxb7 Rxb7 34.
e5 Rb6 35. Rd6 Rb1+ 36. Kh2 Nb4 37. h4 h5 38. Be4 Rb2+ 39. Kh3 a5 40. Rd8+ Kg7
41. Ra8 Re2 42. Bf3 Rf2 43. Be4 Re2 44. Bf3 Ra2 45. g4 Ra3 46. Kg2 Nd3 47. f5
Ne1+ 48. Kf2 Nxf3 49. f6+ Kh7 50. g5 Nxe5 0-1

[Event "European Rapid 2022"]
[Site "Katowice POL"]
[Date "2022.12.18"]
[Round "7.66"]
[White "Rozman, Monika"]
[Black "Kirk, Ezra"]
[Result "0-1"]
[WhiteTitle "WFM"]
[BlackTitle "IM"]
[WhiteElo "2125"]
[BlackElo "2432"]
[WhiteFideId "14609118"]
[BlackFideId "600067"]
[EventDate "2022.12.17"]

1. e4 c5 2. Nf3 Nc6 3. d4 cxd4 4. Nxd4 g6 5. Nc3 Bg7 6. Be3 Nf6 7. Bc4 Qa5 8.
O-O O-O 9. Bb3 d6 10. h3 Bd7 11. Re1 Rfc8 12. Nd5 Qd8 13. Nxf6+ Bxf6 14. c3 Ne5
15. Qe2 Qc7 16. Rad1 Nc4 17. Bc1 b5 18. Nc2 a5 19. Ne3 Nxe3 20. Qxe3 Rab8 21. f4
a4 22. Bc2 b4 23. e5 Bg7 24. Bd2 a3 25. bxa3 bxc3 26. Bc1 Be6 27. f5 gxf5 28.
exd6 exd6 29. Qg3 Kh8 30. Qxd6 Qxd6 31. Rxd6 Bxa2 32. Bxf5 Re8 33. Rf1 Bc4 34.
Bd3 Be5 35. Rd7 Be6 36. Rdxf7 Bxf7 37. Rxf7 Bg3 38. Bh6 Re1+ 39. Bf1 c2 40. Rf3
Be5 41. Kf2 c1=Q 42. Bxc1 Rxc1 43. Rf5 Bg7 44. Bb5 Rf8 45. Rxf8+ Bxf8 46. a4 Bb4
47. Kf3 Kg7 48. Ke3 Kf6 49. Bd3 h6 50. Be4 Ke5 51. Bf3 Rc3+ 52. Kf2 Ra3 53. Kg3
Be1+ 54. Kg4 Rxa4+ 55. Kh5 Kf6 56. Bc6 Rh4# 0-1

[Event "European Rapid 2022"]
[Site "Katowice POL"]
[Date "2022.12.18"]
[Round "7.67"]
[White "Gaehwiler, Gabriel"]
[Black "Kolaric, Spela"]
[Result "1-0"]
[WhiteTitle "IM"]
[BlackTitle "WFM"]
[WhiteElo "2408"]
[BlackElo "2133"]
[WhiteFideId "1314530"]
[BlackFideId "14607093"]
[EventDate "2022.12.17"]

1. d4 Nf6 2. c4 e6 3. g3 d5 4. Bg2 Be7 5. Nf3 O-O 6. Nc3 dxc4 7. Ne5 Nc6 8. Bxc6
bxc6 9. Nxc6 Qe8 10. Nxe7+ Qxe7 11. Qa4 e5 12. dxe5 Qxe5 13. Qxc4 Be6 14. Qf4
Qa5 15. Bd2 Qb6 16. O-O Qxb2 17. Rab1 Qa3 18. Rfc1 Qd6 19. Nb5 Qxf4 20. Bxf4
Bxa2 21. Ra1 Bb3 22. Ra3 Bd5 23. Nxc7 Rac8 24. Rxa7 Be4 25. f3 Bg6 26. Kf2 h6
27. Bd6 Rfd8 28. Be7 Rd2 29. Bxf6 gxf6 30. Rc3 Rd7 31. Nb5 Rxc3 32. Rxd7 Rc2 33.
Nd4 Ra2 34. Rd8+ Kg7 35. Rd7 Rb2 36. Ne6+ Kg8 37. Nf4 Kg7 38. g4 f5 39. Nxg6
Kxg6 40. gxf5+ Kf6 41. Rd6+ Kxf5 42. Rxh6 Ra2 43. Rh5+ Kg6 44. Rb5 Rc2 45. Ke3
Rc3+ 46. Kf4 Rc2 47. Re5 Rc4+ 48. e4 Rc2 49. h4 Rh2 50. h5+ Kf6 51. Rf5+ Kg7 52.
Ke5 Rh3 53. Kd6 Kf8 54. e5 Ke8 55. Rg5 Kf8 56. f4 Rh4 57. Rf5 Ke8 58. Kd5 Ke7
59. Ke4 Rh1 60. Rg5 f6 61. Rf5 fxe5 62. fxe5 Rh4+ 63. Kd5 Ra4 64. Rf6 Rh4 65. h6
Rh1 66. Ra6 Rd1+ 67. Ke4 Re1+ 68. Kf5 Rf1+ 69. Kg6 Rg1+ 70. Kh7 Rg5 71. Rg6 Rf5
72. e6 Kf8 73. Rg8+ Ke7 74. Kg6 Rf6+ 75. Kg5 1-0

[Event "European Rapid 2022"]
[Site "Katowice POL"]
[Date "2022.12.18"]
[Round "7.68"]
[White "Trushko, Andrii"]
[Black "Stefanova, Antoaneta"]
[Result "1/2-1/2"]
[BlackTitle "GM"]
[WhiteElo "2006"]
[BlackElo "2442"]
[WhiteFideId "14172887"]
[BlackFideId "2902257"]
[EventDate "2022.12.17"]

1. d4 d5 2. Bf4 Nf6 3. e3 e6 4. Nd2 Bd6 5. Bxd6 Qxd6 6. Bd3 c5 7. c3 Nc6 8. Ngf3
O-O 9. dxc5 Qxc5 10. e4 e5 11. O-O Bg4 12. Qc2 Rad8 13. Rfe1 Rfe8 14. b4 Qd6 15.
exd5 Qxd5 16. Bc4 Qd7 17. Rad1 Qc7 18. Ne4 Bxf3 19. gxf3 Ne7 20. Qb3 Ng6 21. Ng5
Nh8 22. Ne4 Nxe4 23. fxe4 Rc8 24. Bb5 Re7 25. c4 a6 26. Ba4 Ng6 27. c5 b5 28.
cxb6 Qxb6 29. Rc1 Rec7 30. Rxc7 Qxc7 31. b5 Rb8 32. Rb1 axb5 33. Bxb5 Nf4 34. a4
Qe7 35. Qf3 h5 36. Rd1 h4 37. h3 Rb6 38. Kh2 Rf6 39. Qg4 Rg6 40. Qc8+ Kh7 41.
Rd8 Rg2+ 42. Kh1 Qf6 43. Rh8+ Kg6 44. a5 Rxf2 45. Qg4+ Qg5 46. Qxg5+ Kxg5 47. a6
Ra2 48. Rf8 Nxh3 49. Rxf7 Nf2+ 50. Kg1 Nxe4 51. Bc6 Nd6 52. Rxg7+ Kf6 53. Rd7
Nc8 54. Bb7 Na7 55. Rd6+ Kg5 56. Rb6 Ra5 57. Kg2 Ra2+ 58. Kh3 Ra3+ 59. Kg2 Kg4
60. Rb4+ Kg5 61. Kf2 h3 62. Rb6 Kf4 63. Rb4+ Kg5 64. Re4 Kf6 65. Rb4 Ke6 66. Kg1
Kd6 67. Kh2 Kc5 68. Re4 Kd6 69. Rb4 Re3 70. Bh1 Ra3 71. Bb7 Kc5 72. Re4 Kd6 73.
Rb4 Rc3 74. Bh1 Ra3 75. Bb7 Kc7 76. Re4 Kd6 77. Rh4 Kc5 1/2-1/2

[Event "European Rapid 2022"]
[Site "Katowice POL"]
[Date "2022.12.18"]
[Round "7.69"]
[White "Akesson, Ralf"]
[Black "Lewandowski, Rafal"]
[Result "1-0"]
[WhiteTitle "GM"]
[WhiteElo "2404"]
[BlackElo "2183"]
[WhiteFideId "1700120"]
[BlackFideId "1111981"]
[EventDate "2022.12.17"]

1. d4 d5 2. c4 e6 3. Nf3 c5 4. cxd5 exd5 5. g3 Nf6 6. Bg2 Be7 7. O-O O-O 8. Nc3
Nc6 9. Bg5 c4 10. Ne5 Be6 11. e3 h6 12. Bxf6 Bxf6 13. Nxc6 bxc6 14. b3 Qa5 15.
Qc2 Rac8 16. bxc4 dxc4 17. Rac1 Rfd8 18. Qa4 Qxa4 19. Nxa4 Be7 20. Rfd1 Ba3 21.
Rc2 c5 22. d5 Bd7 23. Nc3 Rb8 24. f3 Rb2 25. Rdd2 Rdb8 26. Bf1 R8b4 27. e4 f6
28. Kf2 Rxc2 29. Rxc2 Rb2 30. Re2 Kf8 31. Ke3 Rb4 32. Rc2 Bb2 33. Nd1 Bd4+ 34.
Kd2 Bb5 35. Nc3 a6 36. f4 Ke7 37. a3 Rb3 38. a4 Bxc3+ 39. Rxc3 Bxa4 40. Bxc4
Rb2+ 41. Ke3 Rxh2 42. e5 fxe5 43. fxe5 Bb5 44. Bxb5 axb5 45. Rxc5 Rb2 46. Rc7+
Kf8 47. d6 Rb1 48. Rc8+ Kf7 49. d7 1-0

[Event "European Rapid 2022"]
[Site "Katowice POL"]
[Date "2022.12.18"]
[Round "7.70"]
[White "Krainski, Aleksander"]
[Black "Larkin, Vladyslav"]
[Result "0-1"]
[WhiteTitle "FM"]
[BlackTitle "IM"]
[WhiteElo "2046"]
[BlackElo "2452"]
[WhiteFideId "1102400"]
[BlackFideId "14152894"]
[EventDate "2022.12.17"]

1. d4 Nc6 2. Nf3 d6 3. Nc3 Nf6 4. e4 g6 5. Be2 Bg7 6. O-O O-O 7. d5 Nb8 8. Be3
c6 9. a4 cxd5 10. exd5 Na6 11. h3 Nc5 12. a5 Bf5 13. Re1 Rc8 14. Nd4 Bd7 15. Bf3
Be8 16. Qd2 Nfd7 17. b4 Na6 18. b5 Nab8 19. a6 bxa6 20. Nc6 Nxc6 21. bxc6 Nc5
22. Bg5 Rc7 23. Ra3 f6 24. Be3 Bf7 25. Na4 Nxa4 26. Rxa4 Qc8 27. Bh6 Re8 28.
Bxg7 Kxg7 29. Bg4 f5 30. Bf3 e5 31. dxe6 Rxe6 32. Rea1 Qd8 33. Rxa6 d5 34. Bxd5
Re5 35. c4 Bxd5 36. cxd5 Rxd5 37. Qf4 Qd6 38. Qa4 Kh6 39. h4 Rd4 40. Qa3 Qxa3
41. R1xa3 Rxh4 42. Rxa7 Rxc6 43. g3 Rc1+ 44. Kg2 Rhh1 45. Rd3 Kg5 46. Rdd7 Rhg1+
47. Kf3 Rc3+ 48. Ke2 Rc2+ 49. Kf3 Rf1 50. Rxh7 Rcxf2+ 51. Ke3 Rf3+ 52. Ke2 R1f2+
53. Ke1 Rg2 0-1

[Event "European Rapid 2022"]
[Site "Katowice POL"]
[Date "2022.12.18"]
[Round "7.71"]
[White "Wieczorek, Oskar"]
[Black "Hulka, Valentyn"]
[Result "1-0"]
[WhiteTitle "GM"]
[BlackTitle "CM"]
[WhiteElo "2504"]
[BlackElo "2222"]
[WhiteFideId "1133950"]
[BlackFideId "34107061"]
[EventDate "2022.12.17"]

1. e4 e5 2. Nf3 Nc6 3. Nc3 Nf6 4. h3 d5 5. exd5 Nxd5 6. Bb5 Nxc3 7. bxc3 Bd6 8.
O-O O-O 9. d4 exd4 10. cxd4 h6 11. c4 Qf6 12. Bb2 Bf5 13. Qd2 Be4 14. d5 Qg6 15.
Nh4 Qh5 16. dxc6 Qxh4 17. Qd4 f6 18. Rae1 Rae8 19. c5 Bf4 20. cxb7 c6 21. Bd3
Bd5 22. Rxe8 Rxe8 23. Bc4 Bxc4 24. Qxc4+ Kf8 25. Qd3 Bb8 26. Qf3 Qb4 27. Bxf6
gxf6 28. Qxf6+ Kg8 29. Qg6+ Kf8 30. Qxh6+ Kg8 31. Qxc6 Rf8 32. Qd5+ Kh8 33. Qh5+
Kg8 34. Qg4+ Qxg4 35. hxg4 Kf7 36. Rd1 Ke6 37. c6 a5 38. g3 Bd6 39. f4 a4 40.
Kg2 a3 41. Kf3 Rh8 42. Ke4 Rg8 43. g5 Rh8 44. f5+ Ke7 45. g4 Re8 46. g6 Kf6+ 47.
Kf3 Bc5 48. c7 Re3+ 1-0

[Event "European Rapid 2022"]
[Site "Katowice POL"]
[Date "2022.12.18"]
[Round "7.72"]
[White "Klepek, Witold"]
[Black "Ondozi, Murtez"]
[Result "1/2-1/2"]
[BlackTitle "FM"]
[WhiteElo "2216"]
[BlackElo "2406"]
[WhiteFideId "1175068"]
[BlackFideId "937576"]
[EventDate "2022.12.17"]

1. e4 c6 2. d4 d5 3. f3 e6 4. Be3 Nf6 5. e5 Nfd7 6. f4 c5 7. Nf3 Nc6 8. Nc3 Qb6
9. Na4 Qa5+ 10. c3 cxd4 11. b4 Qc7 12. Nxd4 Nxd4 13. Bxd4 a6 14. Be2 Be7 15. O-O
O-O 16. Nb2 b5 17. a4 bxa4 18. Rxa4 Bb7 19. Bf3 g6 20. Qd2 a5 21. Rfa1 axb4 22.
Rxa8 Rxa8 23. Rxa8+ Bxa8 24. cxb4 Qb7 25. Nd3 Qa6 26. Be2 Qa4 27. Qc3 Bc6 28.
Nc5 Qa2 29. Bf1 Qb1 30. Kf2 Qa2+ 31. Kg1 Qb1 32. Kf2 Nf8 33. Bd3 Qh1 34. b5 Bxb5
35. Bxb5 Qxh2 36. Qf3 Qh1 37. Bf1 Qh2 38. Nd3 Qh4+ 39. Ke2 Bd8 40. Bc5 Nd7 41.
Qh3 Qxh3 42. gxh3 Nxc5 43. Nxc5 h5 44. Kf3 Kg7 45. Nb7 Be7 46. Nd6 f6 47. Ne8+
Kf7 48. Nxf6 Bxf6 49. exf6 Kxf6 50. h4 e5 51. fxe5+ Kxe5 52. Bd3 d4 53. Bxg6 d3
54. Bxd3 Kf6 1/2-1/2

[Event "European Rapid 2022"]
[Site "Katowice POL"]
[Date "2022.12.18"]
[Round "7.73"]
[White "Arkell, Keith C"]
[Black "Dors, Ryszard"]
[Result "1-0"]
[WhiteTitle "GM"]
[WhiteElo "2406"]
[BlackElo "2142"]
[WhiteFideId "400270"]
[BlackFideId "1104217"]
[EventDate "2022.12.17"]

1. d4 Nf6 2. Nf3 g6 3. c4 c5 4. Nc3 Bg7 5. d5 O-O 6. g3 d6 7. Bg2 Na6 8. O-O Rb8
9. e4 Nc7 10. a4 b6 11. e5 Ng4 12. exd6 exd6 13. Bg5 f6 14. Bf4 Ne5 15. Nxe5
fxe5 16. Be3 a6 17. Ne4 h6 18. h4 b5 19. axb5 axb5 20. b3 bxc4 21. bxc4 Rb4 22.
Qc1 Kh7 23. Bd2 Rb7 24. Re1 Bf5 25. Ra5 Ne8 26. Ra6 Qb8 27. Qa1 Rb2 28. Be3 Bxe4
29. Bxe4 Nf6 30. Bf3 e4 31. Bd1 Nd7 32. Ra7 Rb7 33. Rxb7 Qxb7 34. Qc1 Ne5 35.
Qc2 Nf3+ 36. Bxf3 exf3 37. h5 Qf7 38. Bf4 Rd8 39. Re6 Bf6 1-0

[Event "European Rapid 2022"]
[Site "Katowice POL"]
[Date "2022.12.18"]
[Round "7.74"]
[White "Hnatyshyn, Anastasiia"]
[Black "Jarmula, Lukasz"]
[Result "0-1"]
[BlackTitle "GM"]
[WhiteElo "2090"]
[BlackElo "2469"]
[WhiteFideId "14198339"]
[BlackFideId "1160664"]
[EventDate "2022.12.17"]

1. e4 c5 2. Nf3 e6 3. d4 cxd4 4. Nxd4 a6 5. c4 Nf6 6. Nc3 Bb4 7. Bd3 Nc6 8. Nxc6
dxc6 9. e5 Nd7 10. f4 Nc5 11. Bc2 Qxd1+ 12. Kxd1 b5 13. Ne4 Nxe4 14. Bxe4 Bb7
15. cxb5 O-O-O+ 16. Ke2 cxb5 17. Bxb7+ Kxb7 18. Be3 Rd5 19. Rhd1 Rhd8 20. Rxd5
Rxd5 21. Rc1 Be7 22. b3 Rd8 23. Bd2 Rd7 24. Be3 h6 25. Kf3 Ba3 26. Rc2 Bb4 27.
Ke2 Rd8 28. Rc1 Ba3 29. Rc2 a5 30. Bd2 Ra8 31. Be3 Bb4 32. Bd2 Be7 33. a4 bxa4
34. bxa4 Ra6 35. Be1 Bb4 36. Bf2 Ra8 37. Rb2 Rc8 38. Be1 Rc4 39. Bxb4 axb4 40.
g3 Kb6 41. Kd3 Rc3+ 42. Kd4 Ka5 43. Ra2 g5 44. fxg5 hxg5 45. Rf2 Rc7 46. Ra2 b3
47. Rf2 Kxa4 48. h4 gxh4 49. gxh4 Ka3 50. Rf3 Ka2 51. Rf2+ b2 52. h5 Ka1 0-1

[Event "European Rapid 2022"]
[Site "Katowice POL"]
[Date "2022.12.18"]
[Round "7.75"]
[White "Hunt, Harriet V"]
[Black "Kukula, Pawel"]
[Result "1-0"]
[WhiteTitle "IM"]
[WhiteElo "2348"]
[BlackElo "2135"]
[WhiteFideId "403512"]
[BlackFideId "1115081"]
[EventDate "2022.12.17"]

1. e4 c5 2. Nf3 Nc6 3. Bb5 Nf6 4. e5 Nd5 5. O-O g6 6. Re1 Bg7 7. h3 O-O 8. d3 b6
9. Bxc6 dxc6 10. Nbd2 h6 11. a4 a5 12. Nc4 Qc7 13. Bd2 Be6 14. Qe2 Rad8 15. b3
Kh7 16. Rad1 Nb4 17. Bf4 b5 18. Ne3 Nd5 19. Nxd5 Rxd5 20. Ra1 Rfd8 21. Bd2 b4
22. Rad1 R5d7 23. Bf4 Qb6 24. Qe3 Bd5 25. Nd2 e6 26. Nf1 Qa7 27. Rd2 Bf8 28. Qg3
Bg7 29. Qh4 Rg8 30. Ne3 Bf8 31. Bxh6 1-0

[Event "European Rapid 2022"]
[Site "Katowice POL"]
[Date "2022.12.18"]
[Round "7.76"]
[White "Plichta, Kamil"]
[Black "Krzywda, Andrzej"]
[Result "1-0"]
[WhiteTitle "FM"]
[BlackTitle "CM"]
[WhiteElo "2394"]
[BlackElo "2262"]
[WhiteFideId "1141830"]
[BlackFideId "1114565"]
[EventDate "2022.12.17"]

1. e4 c5 2. c3 Nf6 3. e5 Nd5 4. Nf3 Nc6 5. Bc4 Nb6 6. Bb3 d6 7. exd6 Qxd6 8. O-O
e6 9. d4 cxd4 10. cxd4 Be7 11. Nc3 O-O 12. Re1 a6 13. Qe2 Bd7 14. Qe4 Rfe8 15.
a3 Qc7 16. h4 Na5 17. Bc2 f5 18. Qe2 Bf6 19. Bg5 Nac4 20. Bb3 Rac8 21. Rac1 Qd8
22. Bxf6 Qxf6 23. Ne5 Nxe5 24. Qxe5 Qg6 25. Re3 Nc4 26. Bxc4 Rxc4 27. Rg3 Qh6
28. Re1 Kh8 29. Qd6 Bc6 30. b3 f4 31. bxc4 fxg3 32. Qxg3 Qd2 33. Qe3 Qxe3 34.
Rxe3 Kg8 35. f3 Kf7 36. Kf2 Rd8 37. Rd3 b5 38. cxb5 Bxb5 39. Rd2 Rc8 40. Ne4 Rc1
41. Rb2 Ra1 42. Rb3 h6 43. Ke3 Re1+ 44. Kf4 Ra1 45. Ke5 Ra2 46. g4 Bc6 47. Rc3
Bd5 48. h5 Ra1 49. Nd6+ Ke7 50. Nf5+ Kd7 51. Nxg7 a5 52. Nf5 exf5 53. Kxd5 fxg4
54. fxg4 Rg1 55. Rc6 Rxg4 56. Rxh6 Rg5+ 57. Kc4 Rg3 58. Ra6 Rxa3 59. h6 Rh3 60.
h7 Kc7 61. Ra8 1-0

[Event "European Rapid 2022"]
[Site "Katowice POL"]
[Date "2022.12.18"]
[Round "7.77"]
[White "Grinev, Valeriy"]
[Black "Maslanka, Wojciech"]
[Result "1-0"]
[WhiteTitle "IM"]
[WhiteElo "2425"]
[BlackElo "2103"]
[WhiteFideId "14117517"]
[BlackFideId "21846960"]
[EventDate "2022.12.17"]

1. c4 Nf6 2. Nc3 e6 3. e4 c5 4. e5 Ng8 5. Nf3 d6 6. exd6 Bxd6 7. d4 Nf6 8. Bg5
O-O 9. Ne4 Be7 10. Nxc5 Bxc5 11. dxc5 Qa5+ 12. Qd2 Qxd2+ 13. Nxd2 Na6 14. Be3
Ng4 15. Bd4 Nb4 16. Kd1 Rd8 17. Be3 Nxe3+ 18. fxe3 Na6 19. Kc2 Nxc5 20. Nb3 Ne4
21. Be2 e5 22. Rhf1 Be6 23. Rad1 Rxd1 24. Rxd1 Rc8 25. Kb1 g6 26. Rc1 Bf5 27.
Ka1 b6 28. Bf3 Nd6 29. Bd5 Be4 30. Bxe4 Nxe4 31. a4 Nd6 32. Nd2 f5 33. b4 Kf7
34. Kb2 Ke6 35. Kb3 a5 36. Rc3 e4 37. bxa5 bxa5 38. c5 Nb7 39. c6 Nd6 40. Rc5
Rb8+ 41. Kc3 Rc8 42. Nb3 f4 43. exf4 e3 44. Nd4+ Kf6 45. Kd3 Re8 46. c7 Ke7 47.
Re5+ Kd7 48. Rxe8 Nxe8 49. Nb5 Nxc7 50. Nxc7 Kxc7 51. Kxe3 Kd6 52. Kd4 h5 53. g3
Kc6 54. Ke5 Kc5 55. Kf6 Kb4 56. Kxg6 Kxa4 57. f5 Kb3 58. f6 a4 59. f7 a3 60.
f8=Q 1-0

[Event "European Rapid 2022"]
[Site "Katowice POL"]
[Date "2022.12.18"]
[Round "7.78"]
[White "Kolodziejski, Piotr"]
[Black "Uruci, Endrit"]
[Result "0-1"]
[BlackTitle "FM"]
[WhiteElo "2091"]
[BlackElo "2297"]
[WhiteFideId "21840962"]
[BlackFideId "22100199"]
[EventDate "2022.12.17"]

1. e4 c5 2. Ne2 Nc6 3. d4 cxd4 4. Nxd4 e5 5. Nb5 a6 6. Nd6+ Bxd6 7. Qxd6 Qe7 8.
Qd1 Nf6 9. Nc3 d6 10. Be2 Be6 11. Be3 O-O 12. Bb6 Nd7 13. Be3 Nf6 14. O-O b5 15.
Nd5 Bxd5 16. exd5 Nb4 17. c4 bxc4 18. Bxc4 Rfc8 19. b3 Qb7 20. Bg5 Ne4 21. Bc1
Nc3 22. Qf3 Nbxd5 23. Bb2 e4 24. Qh3 Rxc4 25. bxc4 Nf4 26. Qe3 Qxb2 27. Kh1 Nfe2
28. Rae1 Qxa2 29. f3 Qxc4 30. fxe4 Re8 31. Qb6 Qxe4 32. Qxa6 d5 33. Qc6 d4 34.
Qd7 Qe6 35. Qc7 d3 0-1